الحق في التنازل والإنهاء في عقود الامتياز البترولي / (Record no. 60582)
[ view plain ]
| 000 -LEADER | |
|---|---|
| fixed length control field | 04749nam a2200445 i 4500 |
| 003 - CONTROL NUMBER IDENTIFIER | |
| control field | EG-GICUC |
| 005 - أخر تعامل مع التسجيلة | |
| control field | 20260203135211.0 |
| 008 - FIXED-LENGTH DATA ELEMENTS--GENERAL INFORMATION | |
| fixed length control field | 260203s2025 ua |||f m||| 00| 0 ara d |
| 040 ## - CATALOGING SOURCE | |
| Original cataloguing agency | EG-GICUC |
| Transcribing agency | EG-GICUC |
| Modifying agency | EG-GICUC |
| Description conventions | rda |
| Language of cataloging: | ara |
| 041 0# - LANGUAGE CODE | |
| Language code of text/sound track or separate title | ara |
| 049 ## - Acquisition Source | |
| Acquisition Source | إهداء |
| 082 04 - DEWEY DECIMAL CLASSIFICATION NUMBER | |
| Classification number | 347.4062 |
| Edition number | 21 |
| 097 ## - Degree | |
| Degree | Ph.D |
| 099 ## - LOCAL FREE-TEXT CALL NUMBER (OCLC) | |
| Local Call Number | Law 05 PHD 2025 |
| 100 0# - MAIN ENTRY--PERSONAL NAME | |
| Authority record control number or standard number | كريم مصطفي محمد عيسي |
| Preparation | مؤلف. |
| 245 10 - TITLE STATEMENT | |
| Title | الحق في التنازل والإنهاء في عقود الامتياز البترولي / |
| Statement of responsibility, etc. | إعداد كريم مصطفي محمد عيسي؛ إشراف الأستاذ الدكتور حسين عبده الماحي. |
| 264 #0 - PRODUCTION, PUBLICATION, DISTRIBUTION, MANUFACTURE, AND COPYRIGHT NOTICE | |
| Place of production, publication, distribution, manufacture | القاهرة: |
| Name of producer, publisher, distributor, manufacturer | كلية الحقوق- جامعة القاهرة، |
| Date of production, publication, distribution, manufacture, or copyright notice | 2025. |
| 300 ## - PHYSICAL DESCRIPTION | |
| Extent | 330 صفحة؛ |
| Dimensions | 25 سم. |
| 336 ## - CONTENT TYPE | |
| Content type term | text |
| Source | rda content |
| 337 ## - MEDIA TYPE | |
| Media type term | Computer |
| Source | rda media |
| 338 ## - CARRIER TYPE | |
| Carrier type term | Online Resource |
| Source | rda carrier |
| 500 ## - General note | |
| General note | رسائل نسخة منفردة |
| 500 ## - General note | |
| General note | تحتوي علي صفحة عنوان باللغة الأنجليزية |
| 502 ## - DISSERTATION NOTE | |
| Dissertation note | أطروحة (دكتوراة)- جامعة القاهرة، كلية الحقوق، قسم القانون التجاري، 2025. |
| 504 ## - BIBLIOGRAPHY, ETC. NOTE | |
| Bibliography, etc. note | ببليوجرافيا: صفحات 299-315 |
| 520 3# - SUMMARY, ETC. | |
| Summary, etc. | يعد البترول من أهم السلع الاستراتيجية في العصر الحديث، والذي يؤثر بدوره على رسم السياسات الدولية وذلك نظرا لأهمية هذا المنتج في الإسهام في الدخل الأساسي للعديد من الدول.<br/>فمنذ ظهور صناعة البترول بشكلها الحديث في بداية القرن العشرين، فإن عمليات الاكتشافات والاستخراج تتم عن طريق الشركات الكبرى بهذا المجال، وذلك بسبب توافر رؤوس الأموال والخبرات بها.<br/><br/>وقد تطورت الخبرات المحلية في باقي دول العالم، وهذا ما أسس العلاقة التعاقدية ما بين الحكومة مالك الأرض والشركة المستأجر.<br/><br/>وعملية التنقيب واستخراج البترول عن طريق الشركات الأجنبية في الدول النامية هي عملية فريدة من نوعها في مجال معقد للغاية، وتعمل تلك العمليات كرابط بين مالكي الموارد الطبيعية كالبترول والغاز والشركات المنتجة والمستثمرين في قطاع واحد لمواجهة أخطار هذا النوع من الاستثمار، وتحديات المكسب والخسائر الناتجة عنه.<br/><br/>ومن أجل اكتشاف البترول والغاز أو البترول بشكل عام، يجب أن يمنح حق الدخول إلى أراضي الحفر<br/><br/>البرية أو البحرية التي عادة لا تكون مملوكة للدولة في الدول التي تتبع للنظام الأنجلو أمريكي فتكون ملكية خاصة لصاحب الأرض من الأشخاص العاديين، وحتى وإن كانت غير ذلك، فيجب ضمان إصدار الرخص اللازمة للبحث والتنقيب للشركات.<br/><br/>حيث إن عقود الطاقة بمختلف أنواعها من أهم العقود التي تهتم بها الدول على مستوى العالم في وقتنا الحالي، وخاصة مع اشتداد أزمة الطاقة العالمية وتصدر عقود البترول والغاز بشكل خاص المشهد، حيث كان دائما هذا المجال يعتريه قلة الأبحاث والمراجع به حيث قلما تخصص باحث في هذا المجال تحديدًا وتعمق فيه لكي يبرز النقاط القانونية المهمة ومزايا التشريعات والعقود الخاصة به، وجوانب النقص التي تعتريه أحيانا سواء في النظم العربية أو الأجنبية. |
| 546 ## - LANGUAGE NOTE | |
| Text Language | الملخص باللغة العربية |
| 650 04 - SUBJECT ADDED ENTRY--TOPICAL TERM | |
| Topical term or geographic name entry element | القانون التجاري |
| 650 04 - SUBJECT ADDED ENTRY--TOPICAL TERM | |
| Topical term or geographic name entry element | أهم السلع الإستراتيجية |
| 650 04 - SUBJECT ADDED ENTRY--TOPICAL TERM | |
| Topical term or geographic name entry element | صناعة البترول |
| 650 04 - SUBJECT ADDED ENTRY--TOPICAL TERM | |
| Topical term or geographic name entry element | تطورات الخبرات المحلية |
| 653 #0 - INDEX TERM--UNCONTROLLED | |
| Uncontrolled term | . |
| 655 #4 - INDEX TERM--GENRE/FORM | |
| Genre/form data or focus term | رسائل جامعية |
| Geographic subdivision | جامعة القاهرة |
| General subdivision | القانون التجاري |
| 700 0# - ADDED ENTRY--PERSONAL NAME | |
| Personal name | حسين عبده الماحي |
| Relator term | مشرف. |
| 710 2# - ADDED ENTRY--CORPORATE NAME | |
| Corporate name or jurisdiction name as entry element | جامعة القاهرة. |
| Subordinate unit | كلية الحقوق |
| 856 ## - ELECTRONIC LOCATION AND ACCESS | |
| Uniform Resource Identifier | <a href="https://fll.law.cu.edu.eg/fulltext/th/T05-02796.pdf">https://fll.law.cu.edu.eg/fulltext/th/T05-02796.pdf</a> |
| 900 ## - Thesis Information | |
| Grant date | 2025 |
| Universities | جامعة القاهرة |
| Faculties | كلية الحقوق |
| Department | قسم القانون التجاري |
| 905 ## - Cataloger and Reviser Names | |
| Cataloger Name: | Hoda |
| 942 ## - ADDED ENTRY ELEMENTS (KOHA) | |
| Source of classification or shelving scheme | Dewey Decimal Classification |
| Koha item type | Thesis |
| Edition | 21 |
| Suppress in OPAC | No |
| Source of classification or shelving scheme | Collection | Home library | Current library | Date acquired | Full call number | Barcode | Date last seen | Copy number | Effective from | Koha item type |
|---|---|---|---|---|---|---|---|---|---|---|
| Dewey Decimal Classification | القانون التجاري | جــــامعة القــاهرة | مكتبة كلية الحقوق - المبنى الرئيسي | 03.02.2026 | Law1 05 PHD 2025 0502796 C1 | T05-02796 | 03.02.2026 | 1 | 03.02.2026 | Thesis |
| Dewey Decimal Classification | القانون التجاري | جــــامعة القــاهرة | مكتبة كلية الحقوق - المبنى الرئيسي | 03.02.2026 | Law1 05 PHD 2025 0502797 C2 | T05-02797 | 03.02.2026 | 2 | 03.02.2026 | Thesis |
| Dewey Decimal Classification | القانون التجاري | جــــامعة القــاهرة | مكتبة كلية الحقوق - فـرع الشيخ زايد | 03.02.2026 | Law2 05 PHD 2025 0502798 C3 | T05-02798 | 03.02.2026 | 3 | 03.02.2026 | Thesis |